Sexto Aurelio Víctor. el libro de los Césares. Introducción, traducción y notas.

Presentamos la traducción de una fuente menor, pero no por ello representativa de la historiografía bajo-imperia, poco conocida y que no cuenta con una versión española Los Caesares de Sexto Aurelio Victor fue el primero de los Brevarios aparecidos enel siglo IV d.C. que, al igual que sus continuado...

Full description

Bibliographic Details
Main Author: Meli Berti, Beatriz
Format: Analitica de revista
Language:Spanish
Published: Santiago, Chile Universidad de Chile 1992

MARC

LEADER 00000cab a2200000 a 4500
001 029523
003 UAHC_CL
005 20170803123108.0
008 010822b xx j 000 1 spa
040 |a UAHC_CL  |c UAHC_CL  |d UAHC_CL 
100 1 |a Meli Berti, Beatriz 
245 1 0 |a Sexto Aurelio Víctor. el libro de los Césares. Introducción, traducción y notas. 
260 |b Universidad de Chile  |c 1992  |a Santiago, Chile 
300 |a pp. 175-196. 
500 |a En: Cuadernos de Historia, no. 12, 1992. p. 175-196. ISSN 07161832. 
520 |a Presentamos la traducción de una fuente menor, pero no por ello representativa de la historiografía bajo-imperia, poco conocida y que no cuenta con una versión española Los Caesares de Sexto Aurelio Victor fue el primero de los Brevarios aparecidos enel siglo IV d.C. que, al igual que sus continuadores Eutropio y Festo, buscó proporcionar una idea somera del Imprio romano, a través de la vida y principales hechos de los emperadores, a un público de mediana instrucción olvidado de su Historia. 
520 |a Presentamos la traducción de una fuente menor, pero no por ello representativa de la historiografía bajo-imperia, poco conocida y que no cuenta con una versión española Los Caesares de Sexto Aurelio Victor fue el primero de los Brevarios aparecidos enel siglo IV d.C. que, al igual que sus continuadores Eutropio y Festo, buscó proporcionar una idea somera del Imprio romano, a través de la vida y principales hechos de los emperadores, a un público de mediana instrucción olvidado de su Historia. 
520 |a Presentamos la traducciÛn de una fuente menor, pero no por ello representativa de la historiografÌa bajo-imperia, poco conocida y que no cuenta con una versiÛn espaÒola Los Caesares de Sexto Aurelio Victor fue el primero de los Brevarios aparecidos enel siglo IV d.C. que, al igual que sus continuadores Eutropio y Festo, buscÛ proporcionar una idea somera del Imprio romano, a travÈs de la vida y principales hechos de los emperadores, a un público de mediana instrucciÛn olvidado de su Historia. 
759 |a PP048 
773 0 |t Cuadernos de historia.  |w 029418 
900 |a CUAD. HIST.-12/92 
942 |c REVA 
952 |0 0  |1 0  |4 0  |6 CUAD___HIST_12_92_000000000000000  |7 0  |8 General  |9 58111  |a BC  |b BC  |c General  |d 2017-08-03  |l 0  |o CUAD. HIST.-12/92  |p FICTICIO1941  |r 2019-01-08 00:00:00  |t 1  |w 2017-08-03  |y REVA 
999 |c 29523  |d 29523